000 00576nam a2200193 4500
001 139620
003 ES-MaACL
005 20250805063303.0
007 t|
008 070214s1982 sp r ||||1| spa d
100 1 _aSavater, Fernando,
_d1947-
_9104053
245 1 3 _aLa tarea del héroe
_b: (elementos para una ética trágica) /
_cFernando Savater.
260 _aMadrid :
_bTaurus,
_c1982.
300 _a264 p., 3 lám. ;
_c21 cm.
490 1 _aEnsayistas
830 0 _aEnsayistas
_9177257
852 _aES-MaACL
_jL-2489
_bR.103004
999 _c139620
_d139620